000 00352nam a2200145Ia 4500
008 230917s9999||||xx |||||||||||||| ||und||
040 _e160799
_aMAIN
041 _aEnglish
082 _a658.72 B469P
100 _aBhardwaj, M K
245 0 _aGuide to public buying
260 _aNew Delhi
_bExcel Books
_c2004
300 _aix, 435 p.
942 _cBK
999 _c153237
_d153237